| 000 | 00627nam a2200169 i 4500 | ||
|---|---|---|---|
| 001 | 22364 | ||
| 003 | ES-MaACL | ||
| 005 | 20250930063037.0 | ||
| 007 | t| | ||
| 008 | 021202s1920 sp ||||1| spa d | ||
| 100 | 1 |
_aAlonso Cortés, Narciso, _d1875-1972 _920277 |
|
| 245 | 1 | 3 |
_aEl primer traductor español del falso Ossian y los vallisoletanos del siglo XVIII _b: discurso leído en el Ateneo de Valladolid en la apertura del curso de 1919-1920 / _cNarciso Alonso Cortés. |
| 260 |
_aValladolid : _b[s.n., _c1920] |
||
| 710 | 2 |
_aAteneo de Valladolid. _92031 |
|
| 852 |
_aES-MaACL _j1584-F-1 |
||
| 999 |
_c22364 _d22364 |
||